Na sviatky nechýbajú bublinky

Preferencie slovenských spotrebiteľov vo výbere alkoholických nápojov v sviatočnom období. Nárast záujmu o šumivé vína a sekty. Cena ako dôležitý faktor pri výbere produktu. Vplyv pandémie na blížiace sa sviatky. Zmeny pri nákupnom správaní v kategórii slaných pochutín.

Na minha lista:
Detalhes bibliográficos
Autor principal: Kapitán, Peter
Formato: Capítulo de Livro
Idioma:eslovaco
Assuntos:
Tags: Adicionar Tag
Sem tags, seja o primeiro a adicionar uma tag!

MARC

LEADER 00000naa a2200000 4500
001 0279596
005 20240417075147.4
041 0 |a slo 
044 |a CZ 
245 1 0 |a Na sviatky nechýbajú bublinky  |c Peter Kapitán 
520 |a Preferencie slovenských spotrebiteľov vo výbere alkoholických nápojov v sviatočnom období. Nárast záujmu o šumivé vína a sekty. Cena ako dôležitý faktor pri výbere produktu. Vplyv pandémie na blížiace sa sviatky. Zmeny pri nákupnom správaní v kategórii slaných pochutín. 
610 2 0 |a sviatok štátny 
610 2 0 |a nápoje alkoholické 
610 2 0 |a preferencie spotrebiteľské 
610 2 0 |a dopyt spotrebiteľský 
610 2 0 |a domácnosti 
100 1 |a Kapitán, Peter